Geographie nach Buchstabe - K - Statistiken

Allgemein
  • Dieses Quiz wurde 11.615 mal gespielt
  • Das Durchschnittsergebnis liegt bei 12 aus 20
Antwortstatistiken
Hinweis Antwort % Korrekt
Hauptstadt der Ukraine Kiew
98%
Eines der Nationaltiere Australiens Känguru
86%
Austragungsort der WM 2022 Katar
85%
Titel für das deutsche Staatsoberhaupt im 1. Weltkrieg Kaiser
84%
Höchster Berg Afrikas Kilimandscharo
83%
Hauptstadt von Afghanistan Kabul
80%
Zweithöchster Berg der Erde K2
79%
Extrem flacher US-Staat Kansas
79%
Essen, welches für Juden erlaubt ist Koscher
72%
Einwohner Neuseelands Kiwis
71%
Ethnie, die im Irak in in der Türkei lebt Kurden
71%
Hauptstadt von Nepal Kathmandu
65%
Die Petronas Towers stehen hier Kuala Lumpur
51%
Wüste im südlichen Afrika Kalahari
41%
Nationalgericht Koreas Kimchi
37%
Indonesischer Vulkan, der 1883 spektakulär ausbrach Krakatau
28%
Sprache Kambodschas Khmer
26%
Moderner Name Kalkuttas Kolkata
23%
Stadt in Florida, in der Ernest Hemingway lebte Key West
21%
Dieser Gebirgspass verbindet Afghanistan mit Pakistan Khaiber-Pass
8%
Keine übereinstimmenden Quizze gefunden
Verteilung der Resultate
Anzahl Personen mit jedem Resultat
Perzentil nach korrekt beantworteten Fragen
Ihre Resultats-Entwicklung
Sie haben dieses Quiz noch nicht gespielt